| 000 | 00844nam0a22002531 4500 | ||
|---|---|---|---|
| 001 | rc\741887 | ||
| 005 | 20250622114605.0 | ||
| 035 | _a(NLR Aleph) 006271294 | ||
| 090 |
_a6952165 _c6952165 |
||
| 100 | _a20040301d1985 |||y0rusy50 ca | ||
| 101 | 0 | _arus | |
| 102 | _aRU | ||
| 105 | _aa ||||||||| | ||
| 200 | 1 |
_aТАЛЛИН _e[Фотоальбом _fСост. М. Лайдо _gFot.: G. German, R. Haavamaqi _gTekst: M. Korp] |
|
| 210 |
_aTallinn _cEesti Raamat _d1985 |
||
| 215 |
_a[128] с. _cцв. ил. _d9 |
||
| 300 | _aПарал. загл. на эст. яз. | ||
| 300 | _aТекст и подписи к ил. парал. на рус., эст. и англ. яз. | ||
| 702 | 1 |
_aЛайдо _bМ. _gМайе _4220 |
|
| 801 | 0 |
_aRU _bNLR _gpsbo |
|
| 801 | 1 |
_aRU _bELAR _2rusmarc |
|
| 852 |
_aNLR _bЭ _jАлТ63/1-Т162,2 |
||
| 942 | _cBOOK | ||
| 980 | _aNB | ||